00518nam a2200205Ia 4500003000400000005001700004008004100021020001500062040000700077041000800084082001900092100002500111245005500136250000600191260003800197300001500235365001300250650003400263650001500297OSt20230405125613.0210423s2004 xx 000 0 und d a8131500829 cAL aeng a153 223bGALK aGALOTTI (Kathleen M) aCognitive psychology: in and out of the laboratory a3 aNew DelhibThomson Learningc2004 axx,647bPB b489cINR aMental Process & Intelligence aPsychology